Βυζαντινή τέχνη : προλογικά και βιβλιογραφικά
Αποθηκεύτηκε σε:
| Κύριος συγγραφέας: | |
|---|---|
| Άλλοι συγγραφείς: | , |
| Μορφή: | Βιβλίο |
| Γλώσσα: | Greek English |
| Δημοσίευση: |
Αθήνα :
Υποδομή,
2001
|
| Θέματα: | |
| Ετικέτες: |
Προσθήκη ετικέτας
Δεν υπάρχουν, Καταχωρήστε ετικέτα πρώτοι!
|
MARC
| LEADER | 00000cam a2200000 i 4500 | ||
|---|---|---|---|
| 001 | 1/65579 | ||
| 008 | 020516s2001 gre d | ||
| 035 | |l 10001579 | ||
| 040 | |a GR-MY-UA |b gre |e aacr | ||
| 041 | 0 | |a gre |a eng | |
| 082 | 0 | |a 016.7090214 | |
| 100 | 1 | |a Rice, David Talbot, |d 1903-1972. | |
| 245 | 1 | 0 | |a Βυζαντινή τέχνη : |b προλογικά και βιβλιογραφικά / |c David Talbot Rice ; μετάφραση Ανδρέας Παππάς ; επιμέλεια Αλέξιος Γ.Κ. Σαββίδης |
| 260 | |a Αθήνα : |b Υποδομή, |c 2001 | ||
| 300 | |a 32 σ. | ||
| 650 | 0 | 0 | |a Art, Byzantine |x Bibliography. |
| 700 | 1 | |a Παππάς, Ανδρέας, |d 1950- |4 trl | |
| 700 | 1 | |a Σαββίδης, Αλέξιος Γ. Κ., |d 1955- |4 edt | |
| 852 | |a INST |b RHODES |e 20020516 |h 016.7090214 RIC |p 005400016493 |q 005400016493 |t REF |y 23 | ||
| 852 | |a INST |b RHODES |e 20020516 |h 016.7090214 RIC |p 005400016494 |q 005400016494 |t REF |y 23 | ||
| 901 | |a BIBL4-2002-1 | ||
| 909 | |a Ρ |b 101079 | ||
| 909 | |a Ρ |b 101080 | ||
| 970 | |a ΚΟΥΛΑΚΙΟΤΗ |b ΛΙΤΣΑ |z 2002/05/16 | ||